logo

Bir Sreshtho Munshi Abdur Rouf Library
Jhenaidah Cadet College

হযরত নিয়ামুদ্দীন আউলিয়া রহ. / (Record no. 4112)

MARC details
000 -LEADER
fixed length control field 00689nam a22002177a 4500
001 - CONTROL NUMBER
JCCL Control Number 4112
003 - CONTROL NUMBER IDENTIFIER
JCCL marc code BD-JhCC
005 - DATE AND TIME OF LATEST TRANSACTION
control field 20171122205341.0
008 - FIXED-LENGTH DATA ELEMENTS--GENERAL INFORMATION
fixed length control field 171122s1986 bg |||| ||a| 00| 0 en d
035 ## - SYSTEM CONTROL NUMBER
system control number (BD-JhCC)4112
040 ## - CATALOGING SOURCE
Original cataloging agency BD-JhCC
Modifying agency BD-JhCC
041 ## - LANGUAGE CODE
Language code of Book ben
082 ## - DEWEY DECIMAL CLASSIFICATION NUMBER
Classification number 297.18
Author mark and Year HUD 1976
100 ## - MAIN ENTRY--PERSONAL NAME
Personal name হুদা, সৈয়দ শামসুল
245 ## - TITLE STATEMENT
Title হযরত নিয়ামুদ্দীন আউলিয়া রহ. /
Statement of responsibility, etc সৈয়দ শামসুল হুদা
260 ## - PUBLICATION, DISTRIBUTION, ETC. (IMPRINT)
Place of publication, distribution, etc ঢাকা :
Name of publisher, distributor, etc ইফাবা প্রকাশনা,
Date of publication, distribution, etc 1986.
300 ## - PHYSICAL DESCRIPTION
Pagination 23 p. :
Dimensions 18 cm.
650 ## - SUBJECT ADDED ENTRY--TOPICAL TERM
Topical term or geographic name as entry element Muslim legend
942 ## - ADDED ENTRY ELEMENTS (KOHA)
Source of classification or shelving scheme Dewey Decimal Classification
Koha item type Books
Holdings
Source of classification or shelving scheme Damaged status Not for loan Home library Current library Shelving location Date of accession Total Checkouts Full call number Barcode Date last seen Copy number Koha item type
Dewey Decimal Classification     JCC Rouf Library JCC Rouf Library General Stacks 11/22/2017   297.18 HUD 1976 6006 11/22/2017 C- 1 Books

JCC Library | Contacts | JCC Home

Last Update on 23 September 2017
Copyright @ 2017-2020 JCC Rouf Library
Rouf Library, Jhenidah Cadet College (JCC), Bangladesh